书目信息 |
| 题名: |
发明的故事
|
|
| 作者: | 房龙 著 ;晨梅梅 译 | |
| 分册: | ||
| 出版信息: | 海口 海南国际新闻出版中心 1998.03 |
|
| 页数: | 196,339页 | |
| 开本: | 32开 | |
| 丛书名: | 房龙作品集 | |
| 单 册: | ||
| 中图分类: | K1-49 | |
| 科图分类: | ||
| 主题词: | 世界史 | |
| 电子资源: | ||
| ISBN: | 7-80609-646-9 | |
| 000 | 01001nam0 2200277 45 | |
| 001 | 0109251637 | |
| 005 | 20031219104050.7 | |
| 010 | @a7-80609-646-9@dCNY18.00 | |
| 100 | @a20010925d1998 km y0chiy0120 ea | |
| 101 | 0 | @achi@ceng |
| 105 | @a z 000yy | |
| 200 | 1 | @a发明的故事@AFa Ming De Gu Shi@AGu Dai Ren@e人,奇迹的创造者@a古代人@e文明的起源@ERen,Qi Ji De Chuang Zao Zhe@EWen Ming De Qi Yuan@f(美)房龙著@F(Mei)Fang Long Zhu@g晨梅梅等译 |
| 210 | @a海口@c海南国际新闻出版中心@d1998.03 | |
| 215 | @a196,339页@c插图@d32开 | |
| 225 | @a房龙作品集@f蔡玉洗,寒奇主编 | |
| 410 | @12001 @a房龙作品集 | |
| 410 | @1700 0@a寒奇@AHan Qi@4主编@a蔡玉洗@ACai Yu Xi@4主编 | |
| 410 | @1700 0@a蔡玉洗@ACai Yu Xi@4主编 | |
| 517 | @a人,奇迹的创造者@ARen,Qi Ji De Chuang Zao Zhe | |
| 517 | @a文明的起源@AWen Ming De Qi Yuan | |
| 606 | 0 | @a世界史 |
| 690 | @aK1-49@v4 | |
| 701 | @a房龙@4著 | |
| 702 | 0 | @a晨梅梅@AChen Mei Mei@4译 |
| 801 | @aCN@bTSTC@c20010925 | |
| 905 | @f5@b298842-846@dK1-49@e91 | |
| 发明的故事:人,奇迹的创造者;古代人:文明的起源/(美)房龙著/晨梅梅等译.-海口:海南国际新闻出版中心,1998.03 |
| 196,339页:插图;32开.-(房龙作品集/蔡玉洗,寒奇主编) |
| ISBN 7-80609-646-9:CNY18.00 |
| ● |
| 相关链接 |
|
|
|
|
正题名:发明的故事
索取号:K1-49/91
 
预约/预借
| 序号 | 登录号 | 条形码 | 馆藏地/架位号 | 状态 | 备注 |
| 1 | 0298842 | 202988428 | 第二借阅区/ [索取号:K1-49/91] | 在馆 | |
| 2 | 0298843 | 202988437 | 第二借阅区/ [索取号:K1-49/91] | 在馆 | |
| 3 | 0298844 | 202988446 | 第二借阅区/ [索取号:K1-49/91] | 在馆 | |
| 4 | 0298845 | 202988455 | 第二借阅区/ [索取号:K1-49/91] | 在馆 | |
| 5 | 0298846 | 202988464 | 第二样本阅览室/ [索取号:K1-49/91] | 在馆 |